| 000 | 02353nam0a2200445 i 4500 | ||
|---|---|---|---|
| 001 | RU\NLR\BIBL_A\010409173 | ||
| 005 | 20240921192706.0 | ||
| 010 | _a9785906268013 | ||
| 035 | _a(NLR Aleph) 010409173 | ||
| 090 |
_a9746078 _c9746078 |
||
| 100 | _a20140626d2012 u y0rusy50 ca | ||
| 101 | 1 |
_arus _ceng |
|
| 102 | _aRU | ||
| 105 | _aa|||j|||001zy | ||
| 200 | 1 |
_aНелинейное управление механическими системами с дефицитом управляющих воздействий _fИзабель Фантони, Рогелио Лозано _gпер. с англ. В. В. Шуликовской _gпод ред. А. В. Борисова и Ю. Л. Караваева |
|
| 210 |
_aМосква _aИжевск _cКомпьютерная динамика _d2012 |
||
| 215 |
_a310 с. _cил. _d21 |
||
| 225 | 1 | _aДинамические системы и робототехника | |
| 300 | _aЗагл. и авт. ориг.: Non-linear Control for Underactuated Mechanical Systems / Isabelle Fantoni and Rogelio Lozano | ||
| 320 | _aБиблиогр.: с. 295-307 (123 назв.) | ||
| 320 | _aПредм. указ.: с. 308-310 | ||
| 454 | 0 |
_12001#$aNon-linear Control for Underactuated Mechanical Systems _1700#1$aFantoni$bI.$gIsabelle _1701#1$aLozano$bR.$gRogelio _tNon-linear Control for Underactuated Mechanical Systems _aFantoni, Isabelle |
|
| 606 | 1 |
_aМеханические системы нелинейные _xУправление _92430361 _3RU\NLR\AUTH\661446636 |
|
| 606 | 1 |
_aМеханические системы нелинейные _xУстойчивость _92316216 _3RU\NLR\AUTH\6601611189 |
|
| 606 | 1 |
_aРоботы _xУправление _91199354 _3RU\NLR\AUTH\66485225 |
|
| 606 | 1 |
_aЛетательные аппараты _xМатематическое моделирование _92297598 _3RU\NLR\AUTH\661375721 |
|
| 610 | 0 | _aМеханические системы | |
| 610 | 0 | _aНелинейные системы | |
| 610 | 0 | _aУправление | |
| 610 | 0 | _aДинамика | |
| 686 |
_a22.161.61 _vLBC/RL _2rubbk |
||
| 686 | 1 | _aВ236.3 | |
| 686 | 1 | _aЗ816.2 | |
| 686 | 1 | _aО52-01с116 | |
| 700 | 1 |
_aФантони _bИ. _gИзабель |
|
| 701 | 1 |
_aЛозано _bР. _gРогелио |
|
| 942 | _cBOOK | ||
| 980 | _aNBR | ||